LEADER 01331nam a2200289 i 4500 001 000000047871 003 CaOOAMICUS 005 20221017135150.0 008 121031s1662 it u000 u lat u 013 $a19041 026 $aa.2. esum umo- rudu (3) 1662 (A) 040 $aSeMil$bita 100 1 $aEsparza Artieda, Martin : de,$c.$0(OLS)http://semarc/name/12537 245 10$aQuaestiones disputandae de virtute iustitiae. Auctore R. P. Martino De Esparza Artieda Societatis Iesu. 250 $aEditio secunda correctior. 260 $aRomae :$bTypis H.H. Corbelletti,$c1662. 300 $a[12], 538, [26] p. ;$c12°. 500 $aEmblema dei Gesuiti sul front. 500 $aSegn.: a6 A-Z12 2A6 650 4$aGrazia divina - Teologia.$0(OLS)http://semarc/subject/318 650 4$aTeologia - Testi - Sec. 17.$0(OLS)http://semarc/subject/2241 710 0 $aCorbelletti eredi$c.$0(OLS)http://semarc/name/12538 850 $aSeMil 852 $aSeMil$W1$xVenegono$y1$m2D I 74 FA$j14026$B14026$CSeMilBibl$Z2$F14026 $8I 996 $6245$aQuaestiones disputandae de virtute iustitiae. Auctore R. P. Martino De Esparza Artieda Societatis Iesu$9(OLS)http://semarc/title/72270 996 $6260$aRomae :$bTypis H.H. Corbelletti$9(OLS)http://semarc/publisher/40962 LEADER 00917nam a2200229 i 4500 001 000000048907 003 CaOOAMICUS 005 20120614000000.0 008 120614s1979 it u000 u ita u 013 $a20077 040 $aSeMil$bita 100 1 $aLiverani, Piergiorgio,$d<1929- >.$0(OLS)http://semarc/name/24228 245 10$aAborto anno uno :$bfatti & misfatti della legge n. 194 /$cPier Giorgio Liverani. 260 $aMilano :$bAres,$cstampa 1979. 300 $a206 p. ;$c18 cm. 490 0 $aAres-dossier ;$v2 650 4$aAborto.$0(OLS)http://semarc/subject/5781 830 0$aAres-dossier ;$v2.$0(OLS)http://semarc/title/36372 850 $aSeMil 852 $aSeMil$W1$xVenegono$y1$m2E I 248$j15062$B15062$CSeMilBibl$Z2$F15062 $81 996 $6245$aAborto anno uno :$bfatti & misfatti della legge n. 194$9(OLS)http://semarc/title/74142 996 $6260$aMilano :$bAres$9(OLS)http://semarc/publisher/30250